000 00923nam a22002657a 4500
008 130821s2001 sp a gr spa
020 _a8445811290
040 _aCo-BoUCM
_bspa
041 0 0 _aspa
060 _aWL 340.2
100 1 _aNarbona, Juan
_948707
245 1 3 _aEl lenguaje del niño desarrollo normal, evaluación y trastornos
_cJuan Narbona, Claude Chevrie - Muller
250 _a2a. Ed.
260 _aBarcelona (España)
_bMasson
_c2001
300 _axxi, 421 páginas
_bilustraciones, tablas, cuadros
504 _aIncluye bibliografía e índice
650 0 4 _aLenguaje de los niños
_918361
650 0 4 _aLenguaje
_xPatología
_918359
650 0 4 _aNeurología
_920299
650 0 4 _aNiños
_vVocabulario
_9127
650 0 4 _aTrastornos del habla
_925777
650 0 4 _aTrastornos del lenguaje
_9414
700 1 _aChevrie-Muller, Claude
_9154711
942 _cLIBRO
_a15
_e2
_mN218e
_2NLM
_hWL 340.2
_n0
999 _c91672
_d91672